Normal view
MARC view
- وهبي، شوقي، م.مشارك مهى مشرقى
Entry Personal Name
001 - CONTROL NUMBER
- control field: 46692
003 - CONTROL NUMBER IDENTIFIER
- control field: JO-AjAnu
005 - DATE AND TIME OF LATEST TRANSACTION
- control field: 20230606081720.0
008 - FIXED-LENGTH DATA ELEMENTS
- fixed length control field: 230606|| aca||aabn | a|a d
040 ## - CATALOGING SOURCE
- Original cataloging agency: JO-AjAnu
- Transcribing agency: JO-AjAnu
100 ## - HEADING--PERSONAL NAME
- Personal name: وهبي، شوقي، م.مشارك مهى مشرقى
670 ## - SOURCE DATA FOUND
- Source citation: Work cat.: (JO-AjAnu)23900: وهبي، شوقي، م.مشارك مهى مشرقى, author, الصيغ القانونية للعقود الرسمية والعرفية، ج1